000 00377nam a2200133Ia 4500
008 211109s9999||||xx |||||||||||||| ||und||
082 _a823
_bBUT-H
100 _aButler, Samuel
245 0 _aHudibras Written in the Time of the Late Wars
260 _bUn Known
_aMisplace
_c1905
630 _xGeneral Stack
650 _aEnglish Litertaure
_vEnglish Fiction
_xEnglish
942 _cBOOK
999 _c266
_d266